000 00547nam a2200169 4500
999 _c171551
_d171551
005 20200203173304.0
010 _aENG-127609
020 _a9789384061
_c225.00
035 _aEN-111141
037 _bDBAD/PUB
082 _a332.024
245 _aFrom Chaos to Harmony in the auto industry Apparent in Hindsigh/
260 _aMumbai
_bBestsellers18
_c2016
270 _a122,shah &nahar ind.Estate(A-2) DHANRAJ mills compound s.j marg lower parel
_bMumbai
_e400013
300 _a161p.
_c18cm(Hb)
942 _2ddc
_cEN
_h332.024
_mMON